000 00595nam a22001577a 4500
003 OSt
005 20150919101626.0
008 150919b xxu||||| |||| 00| 0 eng d
040 _cRUA
082 _aAGR KIN 2006 BO33 Or.1
100 _9834
_aKIN, SOMNANG
245 _aEffect of organic pesticides on crops in kompot province.( ប្រសិទ្ថិភាពថ្នៃពុលផ្សំពីរុក្ខជាតិលើដំណាំកសិកម្ម នៅខេត្តកំពត).
260 _aphnom phem
_bRUA
_c2006
300 _a42p.
_bill.
_c29cm.
942 _2ddc
_cAGR
999 _c805
_d805